Affrontez l'Alphabet #23 (spécial communes françaises) - Statistiques

Statistiques générales
  • Ce quiz a été pris 67 fois
  • Le résultat moyen est 6 sur 11
Statistiques - réponses
Hint Réponse % Correct
Donne les 2 lettres manquantes dans le nom de la commune française en photo : _U_HOUSE
ML
100%
Donne les 2 lettres manquantes dans le nom de la commune française en photo : O_LEA_S
RN
100%
Donne les 2 lettres manquantes dans le nom de la commune française en photo : A_I_NON
VG
100%
Donne les 2 lettres manquantes dans le nom de la commune française en photo : DR_U_
EX
88%
Donne les 2 lettres manquantes dans le nom de la commune française en photo : _U_MPER
QI
88%
Donne les 2 lettres manquantes dans le nom de la commune française en photo : _ _ATOU
CH
65%
Donne les 2 lettres manquantes dans le nom de la commune française en photo : SAINT-MEDARD-EN-_ALLE_
JS
31%
Donne les 2 lettres manquantes dans le nom de la commune française en photo : _RANC_
DY
17%
Donne les 2 lettres manquantes dans le nom de la commune française en photo : _A_
PU
17%
Donne les 2 lettres manquantes dans le nom de la commune française en photo : _ _UNGOU
KO
13%
Dernière Question : Donne la lettre manquante dans le nom de la commune française en photo : _UYDCOOTE
Z
8%
Aucun quiz correspondant
Distribution des résultats
% des personnes avec chaque résultat
Percentile par nombre de réponses
Votre historique - résultats
Vous n’avez pas pris ce quiz